000 00731nam a2200277Ia 4500
003 OSt
005 20221006153301.0
006 a|||||r|||| 00| 0
007 ta
008 221006b |||||||| |||| 00| 0 kor d
020 _cW 10,000
024 _a31,873
037 _bGift, Korean Embassy
_cTextual
040 _aEASL
_cEASL
_bkor
041 _2kor
_akor
082 _aO495,4, P5
100 _aLEE Thae Joon Au.
_9663279
245 0 _aSeoganmun ganghwa
260 _aSeoul
_bKipheunsaem Korea
_c2004
300 _a215p.
_ccm.
490 _v KL
650 _a KL
650 _aKorean language
942 _hO495,4, P5
_cTEXL
_2CC
999 _c1099959
_d1099959